[Event "Madrid-ch Previa-A"]
[Site "Madrid"]
[Date "2014.02.17"]
[Round "7"]
[White "Lopez Orellana, Federico"]
[Black "Veiga Rodriguez, Pablo"]
[Result "1-0"]
[WhiteElo "1818"]
[BlackElo "1593"]
[PlyCount "107"]
[EventDate "2014.02.03"]
[EventType "swiss"]
[EventRounds "9"]
[EventCountry "ESP"]
[SourceTitle "EXT 2015"]
[Source "ChessBase"]
[SourceDate "2014.11.20"]
[SourceVersion "1"]
[SourceVersionDate "2014.11.20"]
[SourceQuality "1"]

1. d4 Nf6 2. Bg5 c6 3. Bxf6 exf6 4. e3 Qb6 5. b3 d5 6. Bd3 Be6 7. Ne2 Bd6 8. 0-0 0-0 9. c4 Qd8 10. Nbc3 Re8 11. c5 Bc7 12. Ng3 g6 13. b4 f5 14. b5 Nd7 15. Qa4 Qh4 16. f4 Nf6 17. Rf3 Bd7 18. bxc6 bxc6 19. Rb1 Ng4 20. Nf1 Reb8 21. Rxb8+ Rxb8 22. h3 Nxe3 23. Rxe3 Bxf4 24. Re2 Qd8 25. Qa3 h5 26. Rb2 Qc7 27. Rxb8+ Qxb8 28. Qb3 Qc7 29. Ba6 Kg7 30. Qb7 h4 31. Qxc7 Bxc7 32. Kf2 g5 33. Ne3 f4 34. Nc2 f5 35. Ne1 Ba5 36. Ne2 Bd2 37. Nf3 Be3+ 38. Kf1 Kh6 39. Ne5 Be8 40. Bb7 Bd2 41. Bxc6 Bxc6 42. Nxc6 g4 43. Ne5 f3 44. Ng1 fxg2+ 45. Kxg2 g3 46. Ngf3 Ba5 47. Nxh4 f4 48. Kf3 Kg5 49. Ng2 Bc3 50. c6 Ba5 51. Nxf4 g2 52. Nxg2 Bc7 53. Nf4 Kf6 54. Nxd5+ 1-0

[Event "Madrid-ch Previa-A"]
[Site "Madrid"]
[Date "2014.02.05"]
[Round "3"]
[White "Veiga Rodriguez, Pablo"]
[Black "Morera Rodriguez, Ignacio"]
[Result "1-0"]
[WhiteElo "1593"]
[BlackElo "1863"]
[PlyCount "55"]
[EventDate "2014.02.03"]
[EventType "swiss"]
[EventRounds "9"]
[EventCountry "ESP"]
[SourceTitle "EXT 2015"]
[Source "ChessBase"]
[SourceDate "2014.11.20"]
[SourceVersion "1"]
[SourceVersionDate "2014.11.20"]
[SourceQuality "1"]

1. Nf3 Nf6 2. c4 g6 3. d4 Bg7 4. Nc3 d5 5. cxd5 Nxd5 6. e4 Nxc3 7. bxc3 0-0 8. Ba3 Nd7 9. Bc4 c5 10. 0-0 Qa5 11. Qb3 Nb6 12. Bxc5 Nxc4 13. Qxc4 b6 14. Qb4 Qxb4 15. Bxb4 Re8 16. Rac1 a5 17. Ba3 Ba6 18. Rfe1 Rac8 19. e5 Bh6 20. Rb1 Rxc3 21. Rxb6 Rxa3 22. Rxa6 Rxa2 23. h4 e6 24. Ng5 Bxg5 25. hxg5 Rd8 26. Rc1 Rxd4 27. Ra8+ Kg7 28. Rcc8 1-0

[Event "Madrid Codes Memorial 7th"]
[Site "Madrid"]
[Date "2013.06.02"]
[Round "9"]
[White "Veiga Rodriguez, Pablo"]
[Black "Martin Garcia, Francisco Javier"]
[Result "0-1"]
[WhiteElo "1598"]
[BlackElo "1698"]
[PlyCount "88"]
[EventDate "2013.04.07"]
[EventType "swiss"]
[EventRounds "9"]
[EventCountry "ESP"]
[SourceTitle "EXT 2014"]
[Source "ChessBase"]
[SourceDate "2013.11.20"]
[SourceVersion "1"]
[SourceVersionDate "2013.11.20"]
[SourceQuality "1"]

1. c4 Nf6 2. Nc3 g6 3. d4 d5 4. cxd5 Nxd5 5. e4 Nxc3 6. bxc3 Bg7 7. Be3 c5 8. Bc4 0-0 9. Ne2 Nc6 10. 0-0 Bg4 11. f3 Na5 12. Bb3 Nxb3 13. axb3 cxd4 14. Bxd4 Bxd4+ 15. Qxd4 Be6 16. Qb4 a5 17. Qa3 a4 18. Rfd1 Qb6+ 19. Kh1 Bxb3 20. Rd4 Qb5 21. Ng1 Qc6 22. Ne2 Bc4 23. Rd2 Bxe2 24. Rxe2 Rfd8 25. Qxe7 Qxc3 26. Rea2 b5 27. h4 Rac8 28. Qg5 Qc5 29. Qg3 Rd3 30. Qe1 Qc3 31. Qb1 Qc4 32. Rb2 Rb3 33. Rxb3 Qxb3 34. Qxb3 axb3 35. Rb1 Rc3 36. Kh2 f6 37. Kg3 Kf7 38. Kf4 Ke6 39. Kg4 Ke5 40. Rb2 Kd4 41. h5 Kc4 42. h6 Rc2 43. Rb1 Rxg2+ 44. Kf4 Kc3 0-1